| 000 | 01316cam a2200325 i 4500 | ||
|---|---|---|---|
| 001 | 15544181 | ||
| 003 | EG-ScBUE | ||
| 005 | 20221205104002.0 | ||
| 008 | 081204s2009 nyuae f b 001 0 eng d | ||
| 020 | _a9780415458689 (hbk. : alk. paper) | ||
| 020 | _a0415458684 (hbk. : alk. paper) | ||
| 035 | _a(OCoLC)ocn213835834 | ||
| 040 |
_aDLC _beng _erda _cDLC _dBTCTA _dBAKER _dUKM _dYDXCP _dBWKUK _dBWK _dBWX _dCDX _dIAY _dDLC _dEG-ScBUE |
||
| 082 | 0 | 4 |
_a725.8043 _222 _bCUL |
| 100 | 1 |
_aCulley, Peter, _eauthor. _912645 |
|
| 245 | 1 | 0 |
_aSports facilities and technologies / _cPeter Culley and John Pascoe. |
| 264 | 1 |
_aNew York ; _aLondon : _bRoutledge, _c2009. |
|
| 300 |
_aix, 278 pages : _billustrations, plans ; _c29 cm |
||
| 504 | _aIncludes bibliographical references and index. | ||
| 650 | 7 |
_aStadiums _xDesign and construction. _2BUEsh _912644 |
|
| 650 | 7 |
_aPhysical fitness centers. _2BUEsh _912647 |
|
| 650 | 7 |
_aRecreation centers. _2BUEsh _912648 |
|
| 650 | 7 |
_aPublic architecture. _2BUEsh _912649 |
|
| 650 | 7 |
_912646 _aSports facilities. _2BUEsh |
|
| 653 | _bENGARC | ||
| 655 | _vReading book | ||
| 700 | 1 |
_aPascoe, John, _cMCAM. _eauthor. _912650 |
|
| 942 |
_2ddc _cBB |
||
| 999 |
_c13672 _d13672 |
||